000 00293 a2200121 4500
999 _c321880
_d321880
001 86807
003 NUST
005 20180123154534.0
008 180123b xxu||||| |||| 00| 0 eng d
082 _a891.4393 RAH
100 _aBushra Rehman
_91897
245 _aKis Morh Par Milay Hoo
_hUrdu
260 _aLahore
_bHazeena Ilm-o-Adab
_c2011
300 _a560p.
942 _aCAE NUST
_cBK
_k891.4393 RAH
_2ddc